000 00264nam a22001217a 4500
008 170426b xxu||||| |||| 00| 0 eng d
041 _aeng
080 _27TH
_a54
100 _a12
101 _aSHM
245 _aCOLLEGE CHEMISTRY
_cHOLTCLAW, H.F
942 _2udc
_cBK
999 _c12072
_d12072